000 00651nam a2200241Ia 4500
003 OSt
005 20230420100554.0
008 210423s2009 xx 000 0 und d
020 _a9788120314634
040 _cAL
041 _aeng
082 _a332.644
_223
_bHULJ
100 _aHULL (John C)
_990809
245 _aIntroduction to futures and options markets
250 _a2
260 _aNew delhi
_bPHI Learning Pvt Ltd
_c2009
300 _axv,444
_bPB
365 _b250
_cINR
650 _aFinancial Economics
_990810
650 _aInvestment Management
_990811
906 _afutures ; Introduction ; markets ; options
942 _2ddc
_cBK
999 _c160774
_d160774